Waly Disney: Bambi (Record no. 1666)

MARC details
000 -LEADER
fixed length control field 00262nam a2200109 4500
008 - FIXED-LENGTH DATA ELEMENTS--GENERAL INFORMATION
fixed length control field 160704b xxu||||| |||| 00| 0 eng d
100 ## - MAIN ENTRY--PERSONAL NAME
9 (RLIN) 1965
Personal name Ryder, J
245 ## - TITLE STATEMENT
Title Waly Disney: Bambi
260 ## - PUBLICATION, DISTRIBUTION, ETC. (IMPRINT)
Place of publication, distribution, etc. N.D
Name of publisher, distributor, etc. UBS
300 ## - PHYSICAL DESCRIPTION
Extent Waly Disney: Bambi
942 ## - ADDED ENTRY ELEMENTS (KOHA)
Source of classification or shelving scheme Dewey Decimal Classification
Koha item type BOOK
Holdings
Withdrawn status Lost status Source of classification or shelving scheme Damaged status Not for loan Home library Current library Shelving location Date acquired Total Checkouts Full call number Barcode Date last seen Price effective from Koha item type
    Dewey Decimal Classification     Good Samaritan School Library Good Samaritan School Library FICTION 07/04/2016   823 RYD2712 07/04/2016 07/04/2016 BOOK

Powered by Koha